Open (Record no. 91351)

MARC details
000 -LEADER
fixed length control field 00411nam a22001337a 4500
005 - DATE AND TIME OF LATEST TRANSACTION
control field 20150211105133.0
008 - FIXED-LENGTH DATA ELEMENTS--GENERAL INFORMATION
fixed length control field 150211b xxu||||| |||| 00| 0 eng d
245 ## - TITLE STATEMENT
Title Open
260 ## - PUBLICATION, DISTRIBUTION, ETC. (IMPRINT)
Place of publication, distribution, etc Faridabad
Name of publisher, distributor, etc Open Media Network
300 ## - PHYSICAL DESCRIPTION
Extent v.
Dimensions 27 cm
Other physical details ill.col
310 ## - CURRENT PUBLICATION FREQUENCY
Current publication frequency Weekly
270 ## - ADDRESS
Address 18-35 Milestone,Delhi Mathura Road,
City Faridabad (Haryana)
Country India
Postal code 121007
Electronic mail address editor@openmedianetwork.in
942 ## - ADDED ENTRY ELEMENTS (KOHA)
Source of classification or shelving scheme Dewey Decimal Classification
Item type Periodicals
Call number suffix OPE
Serial record 1
Holdings
Withdrawn status Lost status Source of classification or shelving scheme Damaged status Not for loan Collection code Home library Current library Date acquired Total Checkouts Full call number Date last seen Price effective from Koha item type
    Dewey Decimal Classification   Not For Loan Non-fiction D.B.Act.Division D.B.Act.Division 11/02/2015   OPE 11/02/2015 11/02/2015 Periodicals

© Delhi Public Library
Hit Counter
free hit counter